Kamikaze [DVD/videorecording] war in the pacific / ... Read More
Available copies
- 1 of 1 copy available at LARL/NWRL Consortium.
Current holds
0 current holds with 1 total copy.
Show All Copies
| Location | Call Number / Copy Notes | Barcode | Shelving Location | Status | Due Date |
|---|---|---|---|---|---|
| Red Lake Falls Public Library | DVD 940.5426 KAM (Text) | 35500004237408 | Main | Available | - |
Record details
- ISBN: 097431949X
- ISBN: 9780974319490
- Physical Description: 2 videodiscs ( 111 min.) : sd., col. ; 4 3/4 in.
- Publisher: [s.l.] : Eagel Rock Entertainment, 2004.
Content descriptions
| General Note: | Title from the cover. |
| Participant or Performer Note: | Narrated by Roy Ward & Patrick Allen. |
| Summary, etc.: | Kamikaze prompts questions such as: How were the ... Read More |
| System Details Note: | DVD (NTSC) ; Region 1 ; Dolby Digital Stereo. |
Search for related items by subject
| Subject: | Kamikaze airplanes. World War, 1939-1945 > Aerial operations, Japanese. World War, 1939-1945 > Aerial operations, American. World War, 1939-1945 > Pacific Ocean. |
| Genre: | DVDs. |
Search for related items by series
| LDR | 01827ngm a2200397Ka 4500 | ||
|---|---|---|---|
| 001 | 91209 | ||
| 003 | LARL_NWRL_CONSORTIUM | ||
| 005 | 20080428153436.0 | ||
| 007 | vd cvaizu | ||
| 008 | 060831s2004 vau111 vleng d | ||
| 020 | . | ‡a097431949X | |
| 020 | . | ‡a9780974319490 | |
| 024 | 1 | . | ‡a801213502899 |
| 035 | . | ‡a(OCoLC)71216530 | |
| 245 | 0 | 0. | ‡aKamikaze ‡h[DVD/videorecording] ‡bwar in the pacific / ‡cexecutive producers, Terry Shand & Geoff Kempin. |
| 260 | . | ‡a[s.l.] : ‡bEagel Rock Entertainment, ‡c2004. | |
| 300 | . | ‡a2 videodiscs ( 111 min.) : ‡bsd., col. ; ‡c4 3/4 in. | |
| 490 | 0 | . | ‡aWar zone |
| 538 | . | ‡aDVD (NTSC) ; Region 1 ; Dolby Digital Stereo. | |
| 511 | 0 | . | ‡aNarrated by Roy Ward & Patrick Allen. |
| 500 | . | ‡aTitle from the cover. | |
| 520 | . | ‡aKamikaze prompts questions such as: How were the Japanese soldiers inspired to commit to suicide bombing in 1940s. Was it genuine national fervor or fear and the desire to belong that drove them to throw their lives away? War in the Pacific features the fighting that swept back and forth across the pacific between the fanatical Japanese and the industrially and ultimately militarily superior US forces was some of the most intense. | |
| 650 | 0. | ‡aKamikaze airplanes. ‡0(LARL_NWRL_CONSORTIUM)23977 | |
| 650 | 0. | ‡aWorld War, 1939-1945 ‡xAerial operations, Japanese. ‡0(LARL_NWRL_CONSORTIUM)42655 | |
| 650 | 0. | ‡aWorld War, 1939-1945 ‡xAerial operations, American. ‡0(LARL_NWRL_CONSORTIUM)168018 | |
| 650 | 0. | ‡aWorld War, 1939-1945 ‡zPacific Ocean. | |
| 655 | 0. | ‡aDVDs. | |
| 700 | 1 | . | ‡aShand, Terry. ‡0(LARL_NWRL_CONSORTIUM)209056 |
| 700 | 1 | . | ‡aKempin, Geoff. ‡0(LARL_NWRL_CONSORTIUM)219927 |
| 700 | 1 | . | ‡aAllen, Patrick. ‡0(LARL_NWRL_CONSORTIUM)83988 |
| 700 | 1 | . | ‡aWard, Roy. ‡0(LARL_NWRL_CONSORTIUM)219361 |
| 901 | . | ‡a91209 ‡bOCLC ‡c91209 ‡tbiblio | |

Add to basket
Permalink
Disable Highlighting